000
00284nam a22001337a 4500
008
170413b xxu||||| |||| 00| 0 eng d
020
_a
9780139239885
041
_a
eng
080
_2
11TH
_a
612.39
100
_a
10
101
_a
SHM
245
_a
FOODS
_c
BENNION, M
942
_2
udc
_c
BK
999
_c
10691
_d
10691